000 00542nam a2200229Ia 4500
003 OSt
005 20221005122803.0
006 a|||||r|||| 00| 0
007 ta
008 221004b |||||||| |||| 00| 0 kan d
024 _a59189
037 _cTextual
040 _aCRL
_cCRL
_bkan
041 _2kan
_akan
082 _aN213w, 33J2
100 _aRao Krishna
245 0 _aKarnataka kala vidaru
260 _c1952
650 _aARTS
942 _hN213w, 33J2
_cTEXL
_2cc
999 _c1045361
_d1045361